Normal view
MARC view
- جاردوى، رجاء؛ ترجمة ونعليق تقديم عبد الصبور شاهين
Entry Personal Name
001 - CONTROL NUMBER
- control field: 60384
003 - CONTROL NUMBER IDENTIFIER
- control field: JO-AjAnu
005 - DATE AND TIME OF LATEST TRANSACTION
- control field: 20230606083854.0
008 - FIXED-LENGTH DATA ELEMENTS
- fixed length control field: 230606|| aca||aabn | a|a d
040 ## - CATALOGING SOURCE
- Original cataloging agency: JO-AjAnu
- Transcribing agency: JO-AjAnu
100 ## - HEADING--PERSONAL NAME
- Personal name: جاردوى، رجاء؛ ترجمة ونعليق تقديم عبد الصبور شاهين
670 ## - SOURCE DATA FOUND
- Source citation: Work cat.: (JO-AjAnu)30793: جاردوى، رجاء؛ ترجمة ونعليق تقديم عبد الصبور شاهين, author, فلسطين ارض الرسالات الإلهية